| 000 | 00364nam a22001457a 4500 | ||
|---|---|---|---|
| 003 | SGT | ||
| 082 | _a347.7326,ROO | ||
| 100 | _aROOSEVELT, KERMIT | ||
| 245 | _aMYTH OF JUDICIAL ACTIVISM MAKING SENSE OF SUPREME COURT DECISIONS | ||
| 250 | _a1ST | ||
| 260 |
_aNEW DELHI _bUNIVERSAL BOOK _c2011 |
||
| 300 | _a262 | ||
| 650 | _aJUDICIAL ACTIVISM | ||
| 942 |
_2ddc _cBK _01 |
||
| 999 |
_c9907 _d9907 |
||